[Event "BL2 Sued 1920 (Women)"]
[Site "Germany"]
[Date "2019.12.15"]
[Round "4.3"]
[White "Leuchsenring, Christina"]
[Black "Woniak, Katarzyna"]
[Result "1/2-1/2"]
[WhiteElo "1926"]
[BlackElo "1938"]
[PlyCount "50"]
[EventDate "2019.09.14"]
[EventType "team-tourn"]
[EventRounds "7"]
[EventCountry "GER"]
[SourceTitle "EXT 2021"]
[Source "ChessBase"]
[SourceDate "2020.10.23"]
[SourceVersion "1"]
[SourceVersionDate "2020.10.23"]
[SourceQuality "1"]
[WhiteTeam "Regensburg Bavaria (W)"]
[BlackTeam "Augsburg (W)"]
[WhiteTeamCountry "GER"]
[BlackTeamCountry "GER"]

1. e4 g6 2. d4 Bg7 3. Nf3 c6 4. Bd3 d5 5. exd5 cxd5 6. 0-0 Nf6 7. c3 0-0 8. h3 b6 9. Na3 Ba6 10. Nb5 Bxb5 11. Bxb5 a6 12. Bd3 Nc6 13. Qe2 Qc8 14. Re1 e6 15. Bf4 Re8 16. Ne5 Nxe5 17. Bxe5 Nd7 18. Bf4 b5 19. h4 e5 20. dxe5 Nxe5 21. Bxe5 Bxe5 22. Qf3 d4 23. Qd5 Qc7 24. cxd4 Rad8 25. Qf3 Bxd4 1/2-1/2